000 01393cab a2200277 4500
001 WB2811-56
008 090401t1992 xxu||||| |||| 00| 0 eng d
035 _a(Sirsi) u55883
041 _aeng
245 _aBudget press releases
260 _c1992
350 _a0
490 _aInland Revenue Press Release
_v10 March 1992
520 _a(a) Income tax rates and allowances for 1992-93 (4) (b) Income tax: company cars and fuel (6) (c) Taxation of motor mileage allowances (3)) (d) National insurance contributions on company cars and fuel (4) (e) Quarterly payments for small employers (2) (f) Business expansion scheme (3) (g) Capital gains tax: annual exempt amount (2) (h) Inheritance tax: threshold (1) (i) Inheritance tax: relief on business assets (3) (j) Payment of rent between `connected persons` (3) (j) Car tax: reduction in rate (5) (k) Capital allowances for computer software (2) (l) VAT: increased turnover limits for registration and cancellation of registration (1) (m) VAT: extension of VAT reliefs for charities and handicapped persons (2) (n) Prompt payment of bills package (4)
650 _aBES
650 _aBUDGET 1992
650 _aCAPITAL GAINS TAX
650 _aCHARITIES
650 _aCOMPANY CARS
650 _aCOMPUTERS
650 _aINHERITANCE TAX
650 _aVALUE ADDED TAX
690 _aTAXATION
942 _n0
948 _c04/03/1997
999 _c34153
_d34153